000 00875nam a2200277 a 4500
001 000012250
005 20200929162748.0
008 091110s2001 dr a r 000 0 spa d
020 _a999348217X
040 _aDO-SdBNP
_bspa
_cBNPHU
082 _a634.773
_bC968p, 2001
245 0 3 _aEl cultivo del plátano.
250 _a2a ed.
260 _aSanto Domingo, :
_bCEDAF,
_c2001.
300 _a71 p. :
_bil. ;
_c28 cm.
490 1 _aCultivos
490 1 _aGuía técnica
_v28
590 _aInventariado, 2018/BT
650 4 _aPlátano
_xCultivo
_928899
650 4 _aPlátano
_xEnfermedades y plagas
_928900
650 4 _aPlátano
_xComercialización
_928901
710 2 _aCentro para el Desarrollo Agropecuario y Forestal (República Dominicana)
_9130
830 0 _aCultivos
_928768
830 0 _aGuía técnica
_n28
_928902
910 _aValidado. Control de calidad. MFF
999 _c11908
_d11908